000 01145nam a2200229Ia 4500
003 Ost
005 20260507075616.0
008 260507s9999||||xx |||||||||||||| ||und||
020 _a9789961017838
040 _cfsecg
041 _aara
082 _a658.8
100 _aنوري، منير
_eمؤلف
245 0 _aالتجارة الالكترونية والتسويق الالكتروني /
_c منير نوري
250 _aطبعة 2
260 _aالجزائر:
_bديوان المطبوعات الجامعية,
_c2017
300 _a349 صفحة؛
_bإيضاحات ؛
_c22 سم
520 _aيتظمن نظرة شاملة تكاملية إلى موضوع التسويق الالكتروني و موضوع التجارة الالكترونية، كونه تعامل بمواضيعه مع التجارة الالكترونية والتسويق والعلاقة بينهما ودورهما بالنسبة للشركات في ظل البيئة التكنولوجية والاقتصادية المتغيرة.
653 _aالتجارة الإلكترونية
653 _aالتسويق الالكتروني
942 _cكتاب
999 _c45115
_d45115